[Event "Open Letní Praha 2018 - A"]
[Site "Praha"]
[Date "2018.08.09"]
[Round "8"]
[Board "15"]
[White "Kulhanek, Tomas"]
[Black "Gokhale, Rishabh Chandrashekhar"]
[Result "1-0"]
[WhiteElo "2314"]
[BlackElo "1867"]
[PlyCount "111"]
[EventDate "2018.08.03"]
[EventRounds "9"]
[EventCountry "CZE"]

1. e4 e5 2. Nf3 Nc6 3. Bb5 f5 4. d3 fxe4 5. dxe4 Nf6 6. Qe2 d6 7. Nc3 Be7 8.
Qc4 Bd7 9. Ng5 Rf8 10. Ne6 Bxe6 11. Qxe6 Qd7 12. Qxd7+ Kxd7 13. Bg5 h6 14. Bxf6
Bxf6 15. Nd5 g6 16. h4 a6 17. Be2 Nd4 18. Bd1 h5 19. g4 Bd8 20. gxh5 gxh5 21.
c3 Ne6 22. Bxh5 Nf4 23. Bg4+ Ke8 24. Nxf4 Rxf4 25. f3 d5 26. exd5 e4 27. Ke2
exf3+ 28. Bxf3 Kf8 29. Raf1 Bf6 30. Kd3 Rd8 31. Be4 Rxf1 32. Rxf1 Ke7 33. h5 c6
34. Rf5 cxd5 35. Rxd5 Rg8 36. h6 Rg3+ 37. Kc2 Rh3 38. h7 Rh2+ 39. Rd2 Rxd2+ 40.
Kxd2 b5 41. b4 Kf8 42. Bb7 Kg7 43. Bxa6 Kxh7 44. Bxb5 Kg7 45. Kd3 Kf8 46. c4
Ke7 47. c5 Kd8 48. Kc4 Kc7 49. Be8 Bh4 50. b5 Bf2 51. b6+ Kb8 52. Kb5 Bg3 53.
Bc6 Bf4 54. a4 Bc7 55. a5 Bg3 56. a6  1-0

[Event "Open Letní Praha 2018 - A"]
[Site "Praha"]
[Date "2018.08.09"]
[Round "8"]
[Board "16"]
[White "Zemlickova, Olena"]
[Black "Vanek, Ladislav"]
[Result "0-1"]
[WhiteElo "2099"]
[BlackElo "2271"]
[PlyCount "68"]
[EventDate "2018.08.03"]
[EventRounds "9"]
[EventCountry "CZE"]

1. d4 Nf6 2. Nf3 c5 3. e3 d5 4. b3 cxd4 5. exd4 Nc6 6. Bb2 Bg4 7. Be2 e6 8. h3
Bf5 9. O-O Bd6 10. c4 O-O 11. Ne5 dxc4 12. bxc4 Qb6 13. Bc3 Bxe5 14. dxe5 Ne4
15. Qc1 Nxc3 16. Qxc3 Qc5 17. g4 Bg6 18. Nd2 Qxe5 19. Qxe5 Nxe5 20. f4 Rad8 21.
Nb3 Bd3 22. fxe5 Bxe2 23. Rf4 g5 24. Re4 Bd3 25. Re3 Bxc4 26. Na5 Bd5 27. h4
gxh4 28. Rh3 Rc8 29. Rxh4 Rc2 30. Kf1 Rfc8 31. Nb3 R8c4 32. Ke1 Re4+ 33. Kf1
Rf4+ 34. Ke1 Rg2  0-1

[Event "Open Letní Praha 2018 - A"]
[Site "Praha"]
[Date "2018.08.09"]
[Round "8"]
[Board "17"]
[White "Kucera, Tomas"]
[Black "Jedlicka, Ales"]
[Result "0-1"]
[WhiteElo "1917"]
[BlackElo "2253"]
[PlyCount "86"]
[EventDate "2018.08.03"]
[EventRounds "9"]
[EventCountry "CZE"]

1. Nf3 Nf6 2. g3 d5 3. Bg2 c6 4. O-O Bg4 5. h3 Bh5 6. d3 Nbd7 7. Qe1 e5 8. e4
dxe4 9. dxe4 Be7 10. Nbd2 O-O 11. Nh4 Bg6 12. Nf5 Bxf5 13. exf5 Re8 14. Nc4 Qc7
15. Bd2 Rad8 16. Rd1 Bc5 17. b4 Bf8 18. a3 b5 19. Na5 c5 20. Nc6 Rc8 21. Be3 e4
22. Na5 cxb4 23. axb4 Qxc2 24. g4 h6 25. Rc1 Qb2 26. Nc6 Qb3 27. Rb1 Qd5 28.
Nxa7 Rc4 29. Rb2 Ne5 30. Qb1 Nd3 31. Rd1 Qe5 32. Rb3 Bd6 33. Rbxd3 exd3 34.
Qxd3 Qh2+ 35. Kf1 Bf4 36. Nxb5 Rxb4 37. Bc5 Rb2 38. Ba3 Ra2 39. Bc5 Bb8 40. Qb3
Ra6 41. Bb7 Ne4 42. Qe3 Qh1+ 43. Ke2 Ra2+  0-1

[Event "Open Letní Praha 2018 - A"]
[Site "Praha"]
[Date "2018.08.09"]
[Round "8"]
[Board "18"]
[White "Hrdina, Robin"]
[Black "Krupicka, Josef"]
[Result "1-0"]
[WhiteElo "2219"]
[BlackElo "2059"]
[PlyCount "81"]
[EventDate "2018.08.03"]
[EventRounds "9"]
[EventCountry "CZE"]

1. b3 d5 2. Bb2 Nf6 3. e3 Bf5 4. Be2 e6 5. f4 Be7 6. Nf3 h6 7. Ne5 O-O 8. O-O
Nbd7 9. Bf3 Bh7 10. d3 c6 11. Qe2 Qb6 12. Kh1 Rad8 13. Nd2 a5 14. a4 Nc5 15. g3
Nfd7 16. Bg2 Nxe5 17. fxe5 Na6 18. Nf3 Nb4 19. Ne1 c5 20. Rb1 Rd7 21. d4 Rc7
22. Rc1 c4 23. bxc4 Rxc4 24. Nd3 Rfc8 25. Qf3 Bg6 26. Nf4 Be4 27. Qf2 Rxc2 28.
Bxe4 dxe4 29. Nd5 exd5 30. Qxf7+ Kh7 31. Qxe7 Rxc1 32. Bxc1 Nd3 33. Ba3 Rc2 34.
Qf7 Nb4 35. e6 Rc8 36. Qf5+ Kh8 37. e7 Rg8 38. Qf7 Qc6 39. Qxg8+ Kxg8 40. Rf8+
Kh7 41. e8=Q  1-0

[Event "Open Letní Praha 2018 - A"]
[Site "Praha"]
[Date "2018.08.09"]
[Round "8"]
[Board "19"]
[White "Chudinovskikh, Alexander M"]
[Black "Vrecion, Jiri"]
[Result "1/2-1/2"]
[WhiteElo "2211"]
[BlackElo "2050"]
[PlyCount "158"]
[EventDate "2018.08.03"]
[EventRounds "9"]
[EventCountry "CZE"]

1. e4 e6 2. d4 d5 3. Nc3 dxe4 4. Nxe4 Bd7 5. Bg5 Be7 6. Qd2 Bc6 7. Bxe7 Qxe7 8.
f3 Nd7 9. Bd3 Ngf6 10. Ne2 e5 11. O-O-O O-O 12. Rhe1 Rad8 13. Kb1 Bxe4 14. fxe4
c6 15. c3 b5 16. Ng3 g6 17. Qg5 Nd5 18. Qxe7 Nxe7 19. Bc2 c5 20. d5 Nc8 21. Nf1
Nd6 22. Ne3 Nf6 23. Nf1 c4 24. b4 h5 25. Nd2 a5 26. Nf3 Nd7 27. a3 a4 28. Ng5
Nf6 29. h4 Nh7 30. Nh3 Nf6 31. Rd2 Kg7 32. Rf2 Ng4 33. Rf3 Ne8 34. Bd1 Nef6 35.
Rg3 Rh8 36. Ng5 Rhf8 37. Rf1 Nh6 38. Be2 Rd6 39. Kc2 Rfd8 40. Kd2 R8d7 41. Ke3
Nfg4+ 42. Bxg4 Nxg4+ 43. Ke2 f5 44. Ne6+ Kg8 45. Nc5 Rf7 46. Rd1 Rd8 47. Rf3
Nh2 48. Rf2 Ng4 49. Rf3 Nh2 50. Rh3 Ng4 51. Rd2 fxe4 52. Nxe4 Rf4 53. Nc5 Rf2+
54. Ke1 Rxd2 55. Kxd2 Rxd5+ 56. Ke2 Kg7 57. Rf3 Nf6 58. Ne6+ Kf7 59. Nc7 Rd7
60. Ne8 Kxe8 61. Rxf6 Rd3 62. Re6+ Kf7 63. Rxe5 Rxc3 64. Rxb5 Rxa3 65. Rc5 Rb3
66. Rxc4 a3 67. Rc7+ Kf6 68. Ra7 Rxb4 69. Rxa3 Rxh4 70. Kf2 Rc4 71. Ra5 Rc3 72.
Rb5 h4 73. Ra5 g5 74. Rb5 Kg6 75. Ra5 Kh5 76. Rb5 Rc4 77. Kg1 Kg4 78. Kh2 Re4
79. Rb8 Rf4  1/2-1/2

[Event "Open Letní Praha 2018 - A"]
[Site "Praha"]
[Date "2018.08.09"]
[Round "8"]
[Board "20"]
[White "Kornitzky, Tino"]
[Black "Slacky, Stanislav"]
[Result "1-0"]
[WhiteElo "2036"]
[BlackElo "2138"]
[PlyCount "63"]
[EventDate "2018.08.03"]
[EventRounds "9"]
[EventCountry "CZE"]

1. d4 Nc6 2. Nf3 d6 3. d5 Ne5 4. Nxe5 dxe5 5. e4 e6 6. Bb5+ Bd7 7. dxe6 Bxb5 8.
Qh5 Bb4+ 9. Bd2 Bxd2+ 10. Nxd2 Nh6 11. Qxe5 fxe6 12. Qxb5+ Qd7 13. Qxb7 O-O 14.
Qb4 Ng4 15. O-O Rab8 16. Qc3 Rb6 17. Nc4 Rc6 18. b3 Qe7 19. h3 Nf6 20. Qe3 Nh5
21. Rad1 Nf4 22. Rd2 Qg5 23. Qg3 Qh5 24. Qg4 Qe8 25. Ne5 Rc3 26. Rd7 g6 27. Qh4
Nh5 28. Rfd1 Nf6 29. Qh6 Nxd7 30. Rxd7 Qxd7 31. Nxd7 Rd8 32. Qd2  1-0

[Event "Open Letní Praha 2018 - A"]
[Site "Praha"]
[Date "2018.08.09"]
[Round "8"]
[Board "21"]
[White "Kaderabek, Jiri"]
[Black "Engesser, Jonas"]
[Result "1-0"]
[WhiteElo "2104"]
[BlackElo "2007"]
[PlyCount "51"]
[EventDate "2018.08.03"]
[EventRounds "9"]
[EventCountry "CZE"]

1. d4 Nf6 2. Nf3 c5 3. g3 cxd4 4. Nxd4 g6 5. Bg2 Bg7 6. O-O O-O 7. c4 Nc6 8.
Nc3 Nxd4 9. Qxd4 d6 10. Qd1 Be6 11. Qb3 Rb8 12. Be3 Qa5 13. Nb5 a6 14. Nd4 Bd7
15. Qd1 Ng4 16. Bd2 Qh5 17. Nf3 Bxb2 18. h3 Ne5 19. Rb1 Nxc4 20. Bg5 Bxh3 21.
Rxb2 Nxb2 22. Qb3 Bxg2 23. Kxg2 e5 24. Be7 e4 25. Ng5 Qg4 26. Qxb2  1-0

[Event "Open Letní Praha 2018 - A"]
[Site "Praha"]
[Date "2018.08.09"]
[Round "8"]
[Board "22"]
[White "Soural, Jan"]
[Black "Zhukenov, Aituar"]
[Result "1/2-1/2"]
[WhiteElo "2213"]
[BlackElo "2025"]
[PlyCount "116"]
[EventDate "2018.08.03"]
[EventRounds "9"]
[EventCountry "CZE"]

1. b3 d5 2. Bb2 c5 3. e3 Nf6 4. Nf3 g6 5. c4 Bg7 6. cxd5 Qxd5 7. Nc3 Qd8 8. d4
cxd4 9. Qxd4 O-O 10. Rd1 Qxd4 11. Nxd4 Bd7 12. Bb5 Bxb5 13. Ncxb5 Nbd7 14. Ke2
a6 15. Na3 Rac8 16. Rc1 Nb6 17. Rxc8 Rxc8 18. Rc1 Rxc1 19. Bxc1 Nfd5 20. Nb1
Bxd4 21. exd4 Kf8 22. g3 Ke8 23. a3 Kd7 24. Kd3 Kc6 25. Nd2 f6 26. Nc4 Nc8 27.
Na5+ Kb6 28. Nc4+ Kc6 29. Na5+ Kc7 30. Nc4 e6 31. Bd2 Nd6 32. a4 b6 33. Na3 Kc6
34. Nc4 h5 35. Nxd6 Kxd6 36. h4 b5 37. axb5 axb5 38. Ba5 Kc6 39. Bd2 Kd7 40.
Ke4 Kd6 41. Kd3 f5 42. Bf4+ Kc6 43. Be5 Nb6 44. Ke3 Nd5+ 45. Kd3 Kd7 46. Bf4
Nf6 47. Be5 Nd5 48. Bf4 Kc8 49. Be5 Kb7 50. Bf4 Kb6 51. Bg5 Kc6 52. Bf4 Ne7 53.
Bg5 Nd5 54. Bf4 Nf6 55. Be5 Ng4 56. f3 Nxe5+ 57. dxe5 Kd5 58. f4 b4  1/2-1/2

[Event "Open Letní Praha 2018 - A"]
[Site "Praha"]
[Date "2018.08.09"]
[Round "8"]
[Board "23"]
[White "Pribyl, Viktor"]
[Black "Husek, Martin"]
[Result "0-1"]
[WhiteElo "1983"]
[BlackElo "2174"]
[PlyCount "42"]
[EventDate "2018.08.03"]
[EventRounds "9"]
[EventCountry "CZE"]

1. e4 c5 2. Nf3 e6 3. g3 Nc6 4. Bg2 Nf6 5. Qe2 d6 6. O-O Be7 7. c3 e5 8. h3 Bd7
9. Na3 Qc8 10. h4 Bg4 11. Nc2 h6 12. d3 g5 13. hxg5 hxg5 14. Bxg5 Bh3 15. Nh4
Nh5 16. Qe3 Bxg2 17. Kxg2 Qg4 18. Bxe7 Nf4+ 19. Kg1 Nxe7 20. Qf3 Qh3 21. gxf4
Rg8+  0-1

[Event "Open Letní Praha 2018 - A"]
[Site "Praha"]
[Date "2018.08.09"]
[Round "8"]
[Board "24"]
[White "Novacek, Josef"]
[Black "Kong, Ren En"]
[Result "0-1"]
[WhiteElo "2159"]
[BlackElo "2048"]
[PlyCount "70"]
[EventDate "2018.08.03"]
[EventRounds "9"]
[EventCountry "CZE"]

1. Nf3 Nf6 2. c4 g6 3. Nc3 Bg7 4. d4 O-O 5. g3 d5 6. cxd5 Nxd5 7. Bg2 Nb6 8.
O-O Nc6 9. e3 Re8 10. b3 e5 11. dxe5 Bg4 12. Bb2 Nxe5 13. Qxd8 Raxd8 14. Nxe5
Bxe5 15. h3 Bf5 16. e4 Bxc3 17. Bxc3 Bxe4 18. Rfd1 Bxg2 19. Kxg2 Nd5 20. Be1 c6
21. Kf1 f6 22. Rd4 Kf7 23. a4 Re5 24. b4 Rde8 25. b5 c5 26. Rc4 R8e7 27. Bd2 b6
28. a5 g5 29. axb6 axb6 30. Rca4 Re4 31. Rxe4 Rxe4 32. f3 Re7 33. Ra8 Ke6 34.
Kf2 Ke5 35. Rd8 Kd4  0-1

[Event "Open Letní Praha 2018 - A"]
[Site "Praha"]
[Date "2018.08.09"]
[Round "8"]
[Board "26"]
[White "Sommerhalder, Eric"]
[Black "Machala, Vladislav"]
[Result "0-1"]
[WhiteElo "2145"]
[BlackElo "2020"]
[PlyCount "72"]
[EventDate "2018.08.03"]
[EventRounds "9"]
[EventCountry "CZE"]

1. e4 e5 2. Nf3 d6 3. d4 Nf6 4. Bc4 Be7 5. Nc3 Nbd7 6. a4 c6 7. O-O O-O 8. Re1
a5 9. h3 Qc7 10. Ba2 h6 11. Nh4 Nb8 12. Ng6 Re8 13. Be3 Bd8 14. Qf3 Kh7 15. Nh4
g6 16. g4 Kg7 17. Qg3 Qe7 18. Ng2 g5 19. Qf3 Rh8 20. Ne2 c5 21. dxc5 dxc5 22.
Nc3 Nc6 23. Nd5 Nxd5 24. exd5 e4 25. Qe2 Ne5 26. Red1 Nf3+ 27. Kf1 Qd6 28. Qc4
Re8 29. Bxc5 Qh2 30. Bd4+ Nxd4 31. Rxd4 Qh1+ 32. Ke2 Qxg2 33. d6 Be6 34. Qb5
Bf6 35. d7 Red8 36. Rdd1 e3  0-1

[Event "Open Letní Praha 2018 - A"]
[Site "Praha"]
[Date "2018.08.09"]
[Round "8"]
[Board "27"]
[White "Ladron De Guevara Galar, Fco J"]
[Black "Ochirbat, Lkhagvajamts"]
[Result "1/2-1/2"]
[WhiteElo "2128"]
[BlackElo "2007"]
[PlyCount "92"]
[EventDate "2018.08.03"]
[EventRounds "9"]
[EventCountry "CZE"]

1. d4 Nf6 2. c4 g6 3. Nc3 d5 4. cxd5 Nxd5 5. e4 Nxc3 6. bxc3 Bg7 7. Bc4 c5 8.
Ne2 O-O 9. O-O cxd4 10. cxd4 Nc6 11. Be3 b6 12. Rc1 Bb7 13. Qd2 Rc8 14. Rfd1
Na5 15. Bd3 Qd7 16. f3 Rxc1 17. Rxc1 Rc8 18. d5 e6 19. Rxc8+ Bxc8 20. Nf4 exd5
21. Nxd5 Bb7 22. Bf1 Bc6 23. Bg5 Bxd5 24. exd5 Nb7 25. h4 Nd6 26. Bd3 Qa4 27.
Be2 Nf5 28. g4 Nd4 29. Kg2 Qd7 30. Bc4 h5 31. gxh5 gxh5 32. Qe3 b5 33. Bb3 a5
34. d6 Nxb3 35. Qxb3 Qxd6 36. Qxb5 Qe5 37. Qxe5 Bxe5 38. f4 Bc7 39. f5 Kf8 40.
Kf3 Ke8 41. Ke4 Kd7 42. Kd5 Bg3 43. a4 Be1 44. Bf6 Bd2 45. Kc5 Be1 46. Kd5 Bd2
 1/2-1/2

[Event "Open Letní Praha 2018 - A"]
[Site "Praha"]
[Date "2018.08.09"]
[Round "8"]
[Board "28"]
[White "Sorensen, Simen"]
[Black "Arnal Iturgaitz, Aitor"]
[Result "0-1"]
[WhiteElo "1906"]
[BlackElo "2122"]
[PlyCount "120"]
[EventDate "2018.08.03"]
[EventRounds "9"]
[EventCountry "CZE"]

1. d4 Nf6 2. Nf3 d5 3. c4 e6 4. Nc3 dxc4 5. e3 a6 6. a4 c5 7. Bxc4 Nbd7 8. O-O
Qc7 9. Qe2 Bd6 10. dxc5 Bxc5 11. e4 Bd6 12. Rd1 Ne5 13. Nxe5 Bxe5 14. h3 Bd7
15. Bg5 Rc8 16. Bd3 h6 17. Be3 O-O 18. Rdc1 Bc6 19. a5 Qd6 20. Bb6 Nd7 21. Be3
Qb4 22. f4 Bd4 23. Bxd4 Qxd4+ 24. Kh1 Nc5 25. Bc2 Rfd8 26. Rd1 Qb4 27. Ra2
Rxd1+ 28. Qxd1 Nxe4 29. Bxe4 Bxe4 30. Ra4 Qxb2 31. Rxe4 Rxc3 32. Qd8+ Kh7 33.
Re1 Qf2 34. Qd1 Rg3 35. Rg1 Qxf4 36. Qb1+ Qf5 37. Qxf5+ exf5 38. Rb1 Ra3 39.
Rxb7 Rxa5 40. Rxf7 Kg6 41. Ra7 Ra2 42. g3 Kf6 43. Rb7 g6 44. h4 Re2 45. Ra7 Re6
46. Kg2 Ke5 47. Kf3 g5 48. hxg5 hxg5 49. Rg7 g4+ 50. Kf2 Kd4 51. Rf7 Re5 52.
Rc7 a5 53. Rc8 Rc5 54. Ra8 Kc4 55. Ke3 Kb4 56. Kd4 a4 57. Rb8+ Rb5 58. Re8 a3
59. Ra8 Kb3 60. Kd3 a2  0-1

[Event "Open Letní Praha 2018 - A"]
[Site "Praha"]
[Date "2018.08.09"]
[Round "8"]
[Board "29"]
[White "Itgelt, Khuyagtsogt"]
[Black "Hald, Jens Erik Kofoed"]
[Result "1-0"]
[WhiteElo "2119"]
[BlackElo "1990"]
[PlyCount "71"]
[EventDate "2018.08.03"]
[EventRounds "9"]
[EventCountry "CZE"]

1. d4 d6 2. c4 e5 3. Nf3 Nd7 4. Nc3 Ngf6 5. e4 g6 6. Be2 Bg7 7. O-O O-O 8. Be3
Ng4 9. Bg5 f6 10. Bd2 Nh6 11. Rc1 Re8 12. d5 a5 13. a3 Nf7 14. Ne1 Bh6 15. Nd3
b6 16. b4 axb4 17. axb4 f5 18. f3 Bxd2 19. Qxd2 f4 20. Ra1 Rxa1 21. Rxa1 Rf8
22. Ra7 Nf6 23. Qa2 Bd7 24. c5 bxc5 25. bxc5 dxc5 26. Nxc5 Nd6 27. Ne6 Nfe8 28.
Nc5 Kh8 29. Nd1 Bb5 30. Nf2 Qb8 31. Ra8 Qb6 32. Ne6 Rf7 33. Bxb5 Qxb5 34. Qa1
Kg8 35. Ng4 Re7 36. Nh6+  1-0

[Event "Open Letní Praha 2018 - A"]
[Site "Praha"]
[Date "2018.08.09"]
[Round "8"]
[Board "30"]
[White "Dave, Dhyani"]
[Black "Shehzad, Shazil"]
[Result "1/2-1/2"]
[WhiteElo "2114"]
[BlackElo "1972"]
[PlyCount "124"]
[EventDate "2018.08.03"]
[EventRounds "9"]
[EventCountry "CZE"]

1. e4 c5 2. Nf3 e6 3. b3 Nc6 4. Bb2 d6 5. Bd3 b6 6. O-O Bb7 7. Re1 Nf6 8. Bf1
Be7 9. c3 O-O 10. d4 Qc7 11. d5 exd5 12. exd5 Ne5 13. c4 Nfd7 14. Nxe5 dxe5 15.
Nc3 f5 16. Nb5 Qd8 17. d6 Bf6 18. Nc7 Rc8 19. Ne6 Qe8 20. Nxf8 Qxf8 21. Qd2 Qf7
22. f4 e4 23. Bxf6 Nxf6 24. Rad1 Rd8 25. Qb2 g6 26. Qe5 Re8 27. Qc3 Rd8 28. a3
Qe6 29. Rd2 Rxd6 30. Red1 Rxd2 31. Qxd2 Kf7 32. Qd8 Qe7 33. Qxe7+ Kxe7 34. Be2
Bc6 35. h3 h5 36. g3 Nd7 37. g4 hxg4 38. hxg4 Nf8 39. gxf5 gxf5 40. Kf2 Ne6 41.
Ke3 Nd4 42. Rb1 a5 43. Bd1 Kd6 44. Rb2 Kc7 45. b4 Bd7 46. bxa5 bxa5 47. Rb1 Be6
48. Ba4 Bg8 49. Kd2 Be6 50. Ke3 Bg8 51. Rg1 Be6 52. Ra1 Kb6 53. Rc1 Bg8 54. Be8
Be6 55. Bh5 Bg8 56. Be2 Be6 57. Bf1 Bf7 58. Rb1+ Kc7 59. Rb2 Be6 60. Rh2 Kd6
61. Rb2 Kc7 62. Rh2 Kd6  1/2-1/2

[Event "Open Letní Praha 2018 - A"]
[Site "Praha"]
[Date "2018.08.09"]
[Round "8"]
[Board "31"]
[White "Molkanov, Oleg"]
[Black "Psaila, Clarence"]
[Result "0-1"]
[WhiteElo "2112"]
[BlackElo "1964"]
[PlyCount "76"]
[EventDate "2018.08.03"]
[EventRounds "9"]
[EventCountry "CZE"]

1. d4 d5 2. c4 dxc4 3. Nf3 Nf6 4. g3 Nc6 5. Bg2 e5 6. Qa4 Bd7 7. Qxc4 Bd6 8.
dxe5 Nxe5 9. Nxe5 Bxe5 10. O-O O-O 11. f4 Bd6 12. e4 Be7 13. Nc3 c6 14. h3 Qb6+
15. Kh2 Rad8 16. Qe2 Be6 17. f5 Bc8 18. e5 Nd5 19. Ne4 f6 20. e6 Qa5 21. Qg4
Kh8 22. h4 b6 23. h5 Ba6 24. Rd1 Bb5 25. a4 Bc4 26. Bf3 Rg8 27. Bd2 Qa6 28. Bc3
Ne3 29. Qf4 Nxd1 30. Rxd1 Rxd1 31. Bxd1 Be2 32. Qc7 Bxd1 33. Qxe7 Qe2+ 34. Kg1
Qxe4 35. Bxf6 Qe3+ 36. Kh2 Qf2+ 37. Kh3 Qxf5+ 38. Kg2 gxf6  0-1

[Event "Open Letní Praha 2018 - A"]
[Site "Praha"]
[Date "2018.08.10"]
[Round "9"]
[Board "1"]
[White "Yagupov, Igor"]
[Black "Plischki, Sebastian"]
[Result "1/2-1/2"]
[WhiteElo "2405"]
[BlackElo "2407"]
[PlyCount "57"]
[EventDate "2018.08.03"]
[EventRounds "9"]
[EventCountry "CZE"]

1. e4 c5 2. Nf3 e6 3. d4 cxd4 4. Nxd4 Nc6 5. Nc3 Qc7 6. Be3 a6 7. Qd2 Be7 8.
O-O-O Nf6 9. f4 b5 10. Bd3 Bb7 11. Rhe1 O-O 12. Kb1 d6 13. Nf3 Rfd8 14. Bf2
Rac8 15. h3 Na5 16. f5 Nc4 17. Bxc4 Qxc4 18. fxe6 fxe6 19. Qd3 b4 20. Qxc4 Rxc4
21. Nd2 Rxc3 22. bxc3 bxc3 23. Nb3 Nxe4 24. Bb6 Rc8 25. Rd4 Rb8 26. Ba7 Ra8 27.
Bb6 Rb8 28. Ba7 Ra8 29. Bb6  1/2-1/2

[Event "Open Letní Praha 2018 - A"]
[Site "Praha"]
[Date "2018.08.10"]
[Round "9"]
[Board "2"]
[White "Turner, Matthew"]
[Black "Neuman, Petr"]
[Result "1-0"]
[WhiteElo "2533"]
[BlackElo "2446"]
[PlyCount "105"]
[EventDate "2018.08.03"]
[EventRounds "9"]
[EventCountry "CZE"]

1. d4 d5 2. c4 c6 3. Nf3 Nf6 4. e3 g6 5. Nc3 Bg7 6. Bd3 O-O 7. O-O dxc4 8. Bxc4
Bg4 9. h3 Bxf3 10. Qxf3 Nbd7 11. Rd1 e5 12. Bb3 Qe7 13. Bd2 Rad8 14. a3 e4 15.
Qe2 Nb6 16. Rac1 Rfe8 17. Ba2 Nfd5 18. Nxd5 Nxd5 19. b4 a6 20. Qc4 Rd6 21. a4
b5 22. Qc5 Qd7 23. Bxd5 cxd5 24. a5 Bf8 25. Qc7 Qe6 26. Rc2 Rd7 27. Qc6 Rd6 28.
Qc3 g5 29. Rdc1 g4 30. h4 Be7 31. g3 Bd8 32. Qc8 Qxc8 33. Rxc8 Kf8 34. Ra8 Be7
35. Ra7 Bd8 36. Rc8 Re7 37. Rxa6 Rxa6 38. Rxd8+ Re8 39. Rxd5 Rb8 40. Rc5 Ke7
41. Kf1 f6 42. Rc7+ Ke6 43. Rxh7 Raa8 44. Rh5 f5 45. d5+ Ke5 46. Bc3+ Kxd5 47.
Rxf5+ Kc4 48. Be1 Rd8 49. Rf4 Kd3 50. Rf5 Kc4 51. Re5 Rac8 52. Rxe4+ Kb3 53.
Rxg4  1-0

[Event "Open Letní Praha 2018 - A"]
[Site "Praha"]
[Date "2018.08.10"]
[Round "9"]
[Board "3"]
[White "Berchtenbreiter, Maximilian"]
[Black "Gasanov, Eldar"]
[Result "0-1"]
[WhiteElo "2430"]
[BlackElo "2481"]
[PlyCount "80"]
[EventDate "2018.08.03"]
[EventRounds "9"]
[EventCountry "CZE"]

1. e4 c5 2. Nf3 Nc6 3. d4 cxd4 4. Nxd4 Nf6 5. Nc3 g6 6. Nde2 d6 7. g3 b6 8. Bg2
Ba6 9. O-O Bg7 10. f4 Rc8 11. h3 O-O 12. Rf2 b5 13. a3 Qb6 14. b4 Rfd8 15. Qd3
e6 16. Be3 Qb8 17. Rd1 Rd7 18. Nc1 Rdc7 19. N1a2 Ne8 20. Ne2 Ne7 21. Nd4 Rc4
22. Bf1 Nf6 23. a4 e5 24. fxe5 dxe5 25. Rxf6 Bxf6 26. Nxb5 Bxb5 27. axb5 Rxc2
28. Bc5 Rxa2 29. Qb3 Rxc5 30. bxc5 Ra5 31. Qb4 Nc6 32. Qc3 Rxb5 33. Rd6 Rb3 34.
Qc4 Rxg3+ 35. Kh2 Rf3 36. Rxc6 Qb2+ 37. Be2 Rc3 38. Qb5 Rc2 39. Kg3 Qc1 40.
Rxf6 Qg5+  0-1

[Event "Open Letní Praha 2018 - A"]
[Site "Praha"]
[Date "2018.08.10"]
[Round "9"]
[Board "4"]
[White "Jurcik, Marian"]
[Black "Rubes, Jan"]
[Result "1-0"]
[WhiteElo "2455"]
[BlackElo "2306"]
[PlyCount "111"]
[EventDate "2018.08.03"]
[EventRounds "9"]
[EventCountry "CZE"]

1. e4 c5 2. Ne2 d6 3. g3 g6 4. Bg2 Bg7 5. c3 Nf6 6. d4 O-O 7. O-O Nc6 8. h3 Bd7
9. Be3 cxd4 10. cxd4 b5 11. d5 Na5 12. Bd4 Ne8 13. b3 b4 14. Bxg7 Nxg7 15. Nd2
Qb6 16. Nf3 Nb7 17. Ned4 f6 18. Rc1 Rfc8 19. Qd2 a5 20. Qe3 Rc5 21. Nd2 Bb5 22.
Nxb5 Qxb5 23. Nf3 Qd7 24. Nd4 Rxc1 25. Rxc1 Nc5 26. h4 a4 27. Rc4 axb3 28. axb3
Qg4 29. Nc6 Qd1+ 30. Kh2 Ra1 31. Rxb4 g5 32. Qf3 Qg1+ 33. Kh3 h5 34. g4 Rd1 35.
Rd4 Rxd4 36. Nxd4 hxg4+ 37. Kxg4 Nd7 38. Nc6 Qh2 39. Qg3 Qg1 40. hxg5 fxg5 41.
Kxg5 Qa1 42. Qf4 Nf6 43. Kg6 Kf8 44. Bf3 Qg1+ 45. Qg3 Qa1 46. Qg5 Ng8 47. Nd8
Ke8 48. Ne6 Nxe6 49. dxe6 Kf8 50. Qf4+ Qf6+ 51. Qxf6+ Nxf6 52. b4 Ne8 53. b5
Nc7 54. b6 Na6 55. Be2 Nc5 56. Bb5  1-0

[Event "Open Letní Praha 2018 - A"]
[Site "Praha"]
[Date "2018.08.10"]
[Round "9"]
[Board "5"]
[White "Becker, Matthias"]
[Black "Pulpan, Jakub"]
[Result "1/2-1/2"]
[WhiteElo "2254"]
[BlackElo "2400"]
[PlyCount "73"]
[EventDate "2018.08.03"]
[EventRounds "9"]
[EventCountry "CZE"]

1. d4 Nf6 2. Nf3 e6 3. e3 b6 4. Bd3 Bb7 5. O-O d5 6. b3 Bd6 7. Bb2 O-O 8. Nbd2
c5 9. Ne5 cxd4 10. exd4 Nc6 11. a3 Nd7 12. f4 f5 13. Nxd7 Qxd7 14. Qh5 Rf6 15.
g3 Nd8 16. Qe2 Nf7 17. Nf3 Kh8 18. Ne5 Qc7 19. Rae1 Rg8 20. h4 Qe7 21. Kf2 Nh6
22. Kg2 Bxe5 23. Qxe5 Ng4 24. Qe2 Qd8 25. Rh1 Bc6 26. Reg1 Be8 27. Kf1 Bh5 28.
Ke1 Rg6 29. Kd2 Nf6 30. Qe3 Ng4 31. Qe2 Nf6 32. Qe3 a5 33. a4 Ng4 34. Qe2 Nf6
35. Qe3 Ng4 36. Qe2 Nf6 37. Qe3  1/2-1/2

[Event "Open Letní Praha 2018 - A"]
[Site "Praha"]
[Date "2018.08.10"]
[Round "9"]
[Board "6"]
[White "Hess, Max"]
[Black "Zlatin, Alexander"]
[Result "1/2-1/2"]
[WhiteElo "2331"]
[BlackElo "2193"]
[PlyCount "50"]
[EventDate "2018.08.03"]
[EventRounds "9"]
[EventCountry "CZE"]

1. e4 e5 2. Nf3 Nc6 3. Bb5 a6 4. Ba4 Nf6 5. Qe2 b5 6. Bb3 Bc5 7. c3 O-O 8. d3
h6 9. O-O d6 10. Be3 Bxe3 11. fxe3 Be6 12. Bc2 Rb8 13. Nbd2 Re8 14. Qf2 Ne7 15.
Nh4 b4 16. c4 Ng6 17. Nf5 Bxf5 18. Qxf5 Qc8 19. Ba4 c6 20. Rac1 Qxf5 21. Rxf5
Ne7 22. Rf2 Nd7 23. d4 Nb6 24. Bb3 c5 25. Nf3 Nc6  1/2-1/2

[Event "Open Letní Praha 2018 - A"]
[Site "Praha"]
[Date "2018.08.10"]
[Round "9"]
[Board "7"]
[White "Svanda, Ondrej"]
[Black "Yandarbiev, Ruslan"]
[Result "0-1"]
[WhiteElo "2241"]
[BlackElo "2314"]
[PlyCount "98"]
[EventDate "2018.08.03"]
[EventRounds "9"]
[EventCountry "CZE"]

1. c4 e5 2. Nc3 Nf6 3. g3 d5 4. cxd5 Nxd5 5. Bg2 Nb6 6. Nf3 Nc6 7. O-O Be7 8.
a3 O-O 9. b4 Be6 10. d3 f6 11. Nd2 Qd7 12. Bb2 Bh3 13. Rc1 Bxg2 14. Kxg2 a5 15.
b5 Nd4 16. Nc4 Nd5 17. Nxd5 Qxd5+ 18. e4 Qd7 19. Bxd4 Qxd4 20. Ne3 Qd7 21. Qb3+
Kh8 22. Nd5 a4 23. Qc3 Bd6 24. Rb1 b6 25. Qc4 Ra5 26. f4 exf4 27. gxf4 Qg4+ 28.
Kh1 Raa8 29. Rb2 Qh3 30. Rg2 Rac8 31. Re1 Qh4 32. Reg1 g6 33. Rg4 Qf2 34. R4g3
Bxf4 35. Nxf4 Qxf4 36. Qxa4 Rcd8 37. Qc4 Qe5 38. Rc1 Rd7 39. Rf3 Kg7 40. Qc6
Rff7 41. a4 Rd4 42. Rc4 Rd6 43. Qa8 Qa1+ 44. Kg2 Rxd3 45. Rxd3 Qa2+ 46. Kf3
Qxc4 47. Rd8 f5 48. exf5 Rxf5+ 49. Ke3 Re5+  0-1

[Event "Open Letní Praha 2018 - A"]
[Site "Praha"]
[Date "2018.08.10"]
[Round "9"]
[Board "8"]
[White "Toman, Ondrej"]
[Black "Marczuk, Dominik"]
[Result "0-1"]
[WhiteElo "2231"]
[BlackElo "2290"]
[PlyCount "64"]
[EventDate "2018.08.03"]
[EventRounds "9"]
[EventCountry "CZE"]

1. d4 Nf6 2. Bf4 c5 3. e3 Qb6 4. Nc3 d6 5. a3 Bd7 6. Bc4 Nc6 7. Nge2 Na5 8.
dxc5 dxc5 9. Qd3 Nxc4 10. Qxc4 e6 11. O-O-O Qc6 12. Be5 Be7 13. Qf4 O-O 14. e4
Ne8 15. Qg3 b5 16. Rd2 a5 17. Rhd1 Ra7 18. f4 b4 19. Rd6 Bxd6 20. Rxd6 Qc8 21.
f5 f6 22. fxe6 Bxe6 23. Nb5 Re7 24. Bf4 Bc4 25. Ned4 cxd4 26. Nxd4 Nxd6 27.
Bxd6 Rxe4 28. Bxf8 Qxf8 29. Nf5 Re5 30. Nh6+ Kh8 31. Ng4 Re8 32. Ne3 Qc5  0-1